[Event "Paulista-chTA"]
[Site "Sao Paulo"]
[Date "2023.03.05"]
[Round "4"]
[White "Moritani, Sho"]
[Black "Leal, Paulo Tarcisio Garc"]
[Result "1/2-1/2"]
[WhiteElo "1857"]
[BlackElo "2034"]
[PlyCount "52"]
[EventDate "2023.03.03"]
[EventType "team-tourn"]
[EventRounds "5"]
[EventCountry "BRA"]
[SourceTitle "CBM 213 Extra"]
[Source "ChessBase"]
[SourceDate "2023.05.31"]
[SourceVersion "1"]
[SourceVersionDate "2023.05.31"]
[SourceQuality "1"]
[WhiteTeam "Osasco II"]
[BlackTeam "PMFC"]
[WhiteTeamCountry "BRA"]
[BlackTeamCountry "BRA"]

1. e4 c6 2. d4 d5 3. exd5 cxd5 4. Bd3 Nf6 5. h3 Nc6 6. c3 e5 7. dxe5 Nxe5 8. Nf3 Nxd3+ 9. Qxd3 Be7 10. 0-0 0-0 11. Be3 Be6 12. Nbd2 Qd7 13. Rfe1 Bf5 14. Qe2 Bd6 15. Nd4 Rfe8 16. Nxf5 Qxf5 17. Nf3 h6 18. Qd2 b6 19. Rad1 Bc5 20. Bd4 Bxd4 21. Nxd4 Qd7 22. Nc2 Rxe1+ 23. Rxe1 Re8 24. Rd1 Qe6 25. Ne3 d4 26. Qxd4 Qxa2 1/2-1/2

[Event "Paulista-chTA"]
[Site "Sao Paulo"]
[Date "2023.03.03"]
[Round "1"]
[White "Moritani, Sho"]
[Black "Pelikian, Jefferson"]
[Result "0-1"]
[WhiteElo "1857"]
[BlackElo "2370"]
[PlyCount "82"]
[EventDate "2023.03.03"]
[EventType "team-tourn"]
[EventRounds "5"]
[EventCountry "BRA"]
[SourceTitle "CBM 213 Extra"]
[Source "ChessBase"]
[SourceDate "2023.05.31"]
[SourceVersion "1"]
[SourceVersionDate "2023.05.31"]
[SourceQuality "1"]
[WhiteTeam "Osasco II"]
[BlackTeam "Osasco"]
[WhiteTeamCountry "BRA"]
[BlackTeamCountry "BRA"]

1. e4 c6 2. d4 d5 3. Nc3 g6 4. e5 Bg7 5. Be3 h5 6. Nf3 Bg4 7. h3 Bxf3 8. Qxf3 e6 9. Bd3 Nd7 10. 0-0 Nh6 11. Ne2 Nf5 12. Nf4 Nf8 13. c3 a6 14. a4 Nxe3 15. fxe3 Qe7 16. e4 Bh6 17. exd5 cxd5 18. c4 Bxf4 19. Qxf4 dxc4 20. Bxc4 g5 21. Qf3 g4 22. hxg4 hxg4 23. Qxg4 Qh4 24. Qf3 Qxd4+ 25. Rf2 Qd7 26. Raf1 Ng6 27. Qf6 Rh7 28. Qf3 Rd8 29. Qe4 Qd4 30. Qc2 Qh4 31. Rf3 Qh2+ 32. Kf2 Qxe5 33. Re3 Qf5+ 34. Ke2 Qg4+ 35. Ke1 Nf4 36. g3 Ng2+ 37. Kf2 Nxe3 38. Kxe3 Qxg3+ 39. Rf3 Qg1+ 40. Kf4 Rh4+ 41. Ke5 Qd4# 0-1

[Event "Araraquara op"]
[Site "Araraquara"]
[Date "2023.02.21"]
[Round "5.28"]
[White "Coelho, Andre Rosenbaum"]
[Black "Moritani, Sho"]
[Result "1/2-1/2"]
[WhiteElo "1800"]
[BlackElo "1821"]
[PlyCount "54"]
[EventDate "2023.02.19"]
[EventType "swiss"]
[EventRounds "6"]
[EventCountry "BRA"]
[SourceTitle "CBM 213 Extra"]
[Source "ChessBase"]
[SourceDate "2023.05.31"]
[SourceVersion "1"]
[SourceVersionDate "2023.05.31"]
[SourceQuality "1"]

1. e4 c5 2. c3 Nf6 3. e5 Nd5 4. Nf3 e6 5. d4 cxd4 6. cxd4 d6 7. Bc4 Nc6 8. 0-0 Be7 9. Qe2 Nb6 10. Bb3 0-0 11. Qe4 d5 12. Qg4 f5 13. Qg3 Kh8 14. Nc3 Nc4 15. Ne2 a5 16. h4 a4 17. Bxc4 dxc4 18. h5 Nb4 19. Nf4 Nd5 20. Ng6+ Kg8 21. Nxf8 Kxf8 22. Bg5 b5 23. Bxe7+ Qxe7 24. Qh3 Nf4 25. Qh2 Nd5 26. Qh3 Nf4 27. Qh2 Nd5 1/2-1/2

[Event "Sao Paulo Hebraica op 29th"]
[Site "Sao Paulo"]
[Date "2022.11.19"]
[Round "3"]
[White "Moritani, Sho"]
[Black "Borger, David Lupovici"]
[Result "1/2-1/2"]
[WhiteElo "1648"]
[BlackElo "1829"]
[PlyCount "107"]
[EventDate "2022.11.19"]
[EventType "swiss"]
[EventRounds "5"]
[EventCountry "BRA"]
[SourceTitle "CBM 211 Extra"]
[Source "ChessBase"]
[SourceDate "2023.01.31"]
[SourceVersion "1"]
[SourceVersionDate "2023.01.31"]
[SourceQuality "1"]

1. e4 c5 2. Nf3 Nc6 3. Bb5 e6 4. 0-0 Nge7 5. d4 cxd4 6. Nxd4 Qb6 7. Nxc6 bxc6 8. Be2 d5 9. exd5 cxd5 10. a4 Nc6 11. c3 Bd6 12. Na3 0-0 13. Nb5 Be5 14. Be3 Qd8 15. Bc5 Re8 16. f4 Bf6 17. Nd6 Be7 18. Nxe8 Bxc5+ 19. Kh1 Qxe8 20. Bd3 g6 21. Qe2 Bb7 22. a5 Rb8 23. b4 Bf8 24. b5 Ne7 25. Rfb1 Ba8 26. b6 Nc8 27. bxa7 Nxa7 28. Qe5 Rc8 29. Ba6 Nc6 30. Qe3 Rb8 31. Bb5 Bd6 32. a6 Qd8 33. Bxc6 Bxc6 34. a7 Rxb1+ 35. Rxb1 Qa5 36. Qb6 Qxb6 37. Rxb6 Bc5 38. Rxc6 Bxa7 39. g3 Kg7 40. Kg2 h6 41. Kf3 h5 42. Rc7 Bb6 43. Rc6 Ba7 44. h3 Bg1 45. Rc8 Bb6 46. c4 dxc4 47. Rxc4 Bg1 48. Rc2 Bd4 49. Ke4 Ba7 50. Ra2 Bb6 51. Kd3 Bg1 52. Re2 Bb6 53. Kc4 Kf6 54. Kd3 1/2-1/2

[Event "BRA Amateur-ch U2200"]
[Site "Sao Paulo"]
[Date "2022.11.05"]
[Round "5"]
[White "Pavao, Fabio Biasi"]
[Black "Moritani, Sho"]
[Result "1/2-1/2"]
[WhiteElo "1741"]
[BlackElo "1648"]
[PlyCount "27"]
[EventDate "2022.11.03"]
[EventType "swiss"]
[EventRounds "7"]
[EventCountry "BRA"]
[SourceTitle "CBM 211 Extra"]
[Source "ChessBase"]
[SourceDate "2023.01.31"]
[SourceVersion "1"]
[SourceVersionDate "2023.01.31"]
[SourceQuality "1"]

1. c4 Nf6 2. g3 c6 3. Nf3 d5 4. b3 e6 5. Bg2 Bd6 6. Bb2 Qe7 7. d4 Nbd7 8. 0-0 0-0 9. e3 Re8 10. Nc3 b6 11. Rc1 Bb7 12. Re1 Rac8 13. Nd2 Bc7 14. e4 1/2-1/2

[Event "Sao Jose dos Campos op"]
[Site "Sao Jose dos Campos"]
[Date "2022.09.10"]
[Round "5"]
[White "Moritani, Sho"]
[Black "Furtado, Ian"]
[Result "1-0"]
[WhiteElo "1505"]
[BlackElo "1666"]
[PlyCount "27"]
[EventDate "2022.09.08"]
[EventType "swiss"]
[EventRounds "7"]
[EventCountry "BRA"]
[SourceTitle "CBM 210 Extra"]
[Source "ChessBase"]
[SourceDate "2022.11.30"]
[SourceVersion "1"]
[SourceVersionDate "2022.11.30"]
[SourceQuality "1"]

1. e4 e5 2. Nf3 Nf6 3. Nxe5 Nxe4 4. Qe2 f6 5. Qh5+ g6 6. Nxg6 Rg8 7. Ne5+ Ke7 8. Qf7+ Kd6 9. Nc4+ Kc6 10. Qxg8 Qe7 11. Ne3 f5 12. Qd5+ Kb6 13. Nc4+ Ka6 14. Qa5# 1-0

[Event "BRA-ch Amateur U1600"]
[Site "Sao Paulo"]
[Date "2022.06.19"]
[Round "7"]
[White "Modes, Andre Vinicius"]
[Black "Moritani, Sho"]
[Result "0-1"]
[WhiteElo "1589"]
[BlackElo "1578"]
[PlyCount "30"]
[EventDate "2022.06.16"]
[EventType "swiss"]
[EventRounds "7"]
[EventCountry "BRA"]
[SourceTitle "CBM 208 Extra"]
[Source "ChessBase"]
[SourceDate "2022.07.31"]
[SourceVersion "1"]
[SourceVersionDate "2022.07.31"]
[SourceQuality "1"]

1. d4 d5 2. c4 c6 3. e3 Nf6 4. Nc3 e6 5. Qc2 Nbd7 6. Bd2 Bd6 7. Rc1 0-0 8. Nf3 Qe7 9. Bd3 dxc4 10. Bxc4 e5 11. dxe5 Nxe5 12. Be2 Bg4 13. Nd4 Bxe2 14. Ncxe2 Bc7 15. Qc5 Nd3+ 0-1

[Event "BRA-ch Amateur U1600"]
[Site "Sao Paulo"]
[Date "2022.06.18"]
[Round "5"]
[White "Regiani, Rafael"]
[Black "Moritani, Sho"]
[Result "0-1"]
[WhiteElo "1431"]
[BlackElo "1578"]
[PlyCount "76"]
[EventDate "2022.06.16"]
[EventType "swiss"]
[EventRounds "7"]
[EventCountry "BRA"]
[SourceTitle "CBM 208 Extra"]
[Source "ChessBase"]
[SourceDate "2022.07.31"]
[SourceVersion "1"]
[SourceVersionDate "2022.07.31"]
[SourceQuality "1"]

1. d4 d5 2. Bf4 Nf6 3. e3 e6 4. c3 Bd6 5. Bg3 0-0 6. Nf3 c5 7. Bd3 Qc7 8. Nbd2 Nbd7 9. Bxd6 Qxd6 10. Qe2 e5 11. dxe5 Nxe5 12. 0-0-0 Nxd3+ 13. Qxd3 Qc6 14. h3 b5 15. Ne5 Qe6 16. f4 b4 17. g4 bxc3 18. Qxc3 d4 19. Qc4 dxe3 20. Ndf3 Qxc4+ 21. Nxc4 Bb7 22. Nce5 Nd5 23. Rhe1 Rfe8 24. f5 Nf4 25. Rd7 Rab8 26. Rxb7 Rxb7 27. Rxe3 f6 28. Nc4 Rxe3 29. Nxe3 Nxh3 30. Nc4 Nf2 31. g5 fxg5 32. Nxg5 h5 33. b3 h4 34. Ne5 h3 35. Ngf3 Re7 36. Ng6 Re3 37. Nfe5 h2 38. Ne7+ Kh7 0-1

[Event "BRA-ch Amateur U1600"]
[Site "Sao Paulo"]
[Date "2022.06.17"]
[Round "4"]
[White "Moritani, Sho"]
[Black "Figueiredo, Marco Antonio"]
[Result "1-0"]
[WhiteElo "1578"]
[BlackElo "1800"]
[PlyCount "61"]
[EventDate "2022.06.16"]
[EventType "swiss"]
[EventRounds "7"]
[EventCountry "BRA"]
[SourceTitle "CBM 208 Extra"]
[Source "ChessBase"]
[SourceDate "2022.07.31"]
[SourceVersion "1"]
[SourceVersionDate "2022.07.31"]
[SourceQuality "1"]

1. e4 c5 2. Nf3 Nc6 3. Bb5 a6 4. Bxc6 bxc6 5. 0-0 d5 6. e5 Bg4 7. h3 Bh5 8. c3 d4 9. d3 e6 10. Na3 Ne7 11. Nc4 Nd5 12. cxd4 cxd4 13. Qa4 Rc8 14. Nxd4 Nb6 15. Nxb6 Qxb6 16. Be3 Bc5 17. Nc2 Bxe3 18. Nxe3 Be2 19. Nc4 Qc7 20. Nd6+ Kd8 21. Rfe1 Bh5 22. Nxc8 Qxc8 23. Rac1 Kd7 24. Qd4+ Ke7 25. Qh4+ f6 26. Qxh5 g6 27. exf6+ Kxf6 28. Qe5+ Kf7 29. Rc4 Kf8 30. Rf4+ Kg8 31. Rf6 1-0

[Event "Osasco Carvalho Memorial"]
[Site "Osasco"]
[Date "2022.02.19"]
[Round "3"]
[White "Moritani, Sho"]
[Black "Muniz, Henrique Rocha"]
[Result "1-0"]
[WhiteElo "1504"]
[BlackElo "1310"]
[PlyCount "119"]
[EventDate "2022.02.18"]
[EventType "swiss"]
[EventRounds "6"]
[EventCountry "BRA"]
[SourceTitle "CBM 207 Extra"]
[Source "ChessBase"]
[SourceDate "2022.05.31"]
[SourceVersion "1"]
[SourceVersionDate "2022.05.31"]
[SourceQuality "1"]

1. e4 e5 2. Nf3 d6 3. d4 Nf6 4. dxe5 Nxe4 5. Bd3 Nc5 6. Bc4 Nc6 7. exd6 Qxd6 8. 0-0 Qxd1 9. Rxd1 Be6 10. Bb5 a6 11. Bxc6+ bxc6 12. Bf4 Bd6 13. Bg3 0-0 14. Nbd2 Rad8 15. Nb3 Bxg3 16. Nxc5 Bd6 17. Nxe6 fxe6 18. Re1 Rde8 19. Re2 Rf6 20. Rae1 Rb8 21. b3 Re8 22. Re4 h6 23. h3 g5 24. R1e2 e5 25. Kh1 c5 26. Nd2 Ref8 27. f3 Rf4 28. Nc4 Rxe4 29. Rxe4 Ra8 30. Kg1 Kf7 31. Nxe5+ Bxe5 32. Rxe5 Ra7 33. Rxc5 Kg6 34. Kf2 Kf6 35. Ke3 a5 36. a4 c6 37. Rxc6+ Kg7 38. Rc5 Re7+ 39. Kf2 Ra7 40. Kg3 Kf6 41. h4 gxh4+ 42. Kxh4 Ra6 43. g4 Ra7 44. Kg3 Ra6 45. Rb5 Kg6 46. c4 Kf6 47. c5 Ke6 48. Rb6+ Rxb6 49. cxb6 Kd6 50. f4 h5 51. gxh5 Kc5 52. b7 Kb6 53. b8Q+ Ka6 54. Qb5+ Ka7 55. h6 Ka8 56. h7 Ka7 57. h8N Ka8 58. Nf7 Ka7 59. Nd6 Ka8 60. Qb7# 1-0

[Event "Osasco Carvalho Memorial"]
[Site "Osasco"]
[Date "2022.02.19"]
[Round "4"]
[White "Soares, Nicolas Vitor"]
[Black "Moritani, Sho"]
[Result "1/2-1/2"]
[WhiteElo "1800"]
[BlackElo "1504"]
[PlyCount "119"]
[EventDate "2022.02.18"]
[EventType "swiss"]
[EventRounds "6"]
[EventCountry "BRA"]
[SourceTitle "CBM 207 Extra"]
[Source "ChessBase"]
[SourceDate "2022.05.31"]
[SourceVersion "1"]
[SourceVersionDate "2022.05.31"]
[SourceQuality "1"]

1. e4 c5 2. Nc3 Nc6 3. f4 g6 4. Nf3 Bg7 5. Bc4 e6 6. d3 Nge7 7. a3 d5 8. Ba2 0-0 9. 0-0 Kh8 10. Qe1 f5 11. e5 d4 12. Nb5 h6 13. Qh4 Kg8 14. Nd6 Qc7 15. Qg3 Bd7 16. h4 Kh7 17. Kf2 Nc8 18. h5 gxh5 19. Nh4 Nxd6 20. Qg6+ Kh8 21. exd6 Qxd6 22. Qxh5 Be8 23. Qe2 Qe7 24. Rh1 Bf7 25. Bd2 Rae8 26. Rae1 Qf6 27. Nf3 Kg8 28. g3 Qd8 29. Ne5 Nxe5 30. fxe5 Bg6 31. Bxh6 Bxh6 32. Rxh6 Qg5 33. Reh1 f4 34. g4 f3 35. Rxg6+ Qxg6 36. Qe4 Qxe4 37. dxe4 Rf4 38. Rh6 Rxe4 39. Rxe6 Rxe6 40. Bxe6+ Kg7 41. Bf5 Rxe5 42. Kxf3 Kf7 43. Kf4 Re1 44. a4 Re7 45. b3 Kg7 46. Kg5 Re8 47. Bd3 a6 48. Bf5 b5 49. axb5 axb5 50. Bd3 b4 51. Bf5 Re3 52. Bd3 Re1 53. Kf4 Re7 54. Kf5 Re3 55. Kf4 Kf7 56. Bc4+ Kf8 57. Bd3 Ke7 58. Bc4 Kf6 59. Bd3 Re7 60. Bc4 1/2-1/2

[Event "Sao Paulo Hebraica op 28th"]
[Site "Sao Paulo"]
[Date "2022.01.16"]
[Round "6"]
[White "Usui, Gabriella Yumi"]
[Black "Moritani, Sho"]
[Result "0-1"]
[WhiteElo "1345"]
[BlackElo "1800"]
[PlyCount "104"]
[EventDate "2022.01.14"]
[EventType "swiss"]
[EventRounds "6"]
[EventCountry "BRA"]
[SourceTitle "CBM 206 Extra"]
[Source "ChessBase"]
[SourceDate "2022.03.31"]
[SourceVersion "1"]
[SourceVersionDate "2022.03.31"]
[SourceQuality "1"]

1. d4 d5 2. Nf3 Nf6 3. c4 c6 4. g3 e6 5. Bg2 Bd6 6. b3 0-0 7. Bb2 Bb4+ 8. Nbd2 b6 9. 0-0 Nbd7 10. Ne5 Bb7 11. Ndf3 Bd6 12. Rc1 Rc8 13. Ne1 c5 14. N1d3 Qe7 15. e3 Rfd8 16. Qe2 Ba8 17. Rfd1 h6 18. h3 cxd4 19. exd4 a5 20. Nxd7 Qxd7 21. Ne5 Qe8 22. a4 dxc4 23. Bxa8 Rxa8 24. Nxc4 Nd5 25. Ne3 Be7 26. Nxd5 Rxd5 27. Qc4 Bg5 28. f4 Bf6 29. Qc6 Qd8 30. Kg2 Ra7 31. Qc8 Ra8 32. Qc6 Kh7 33. Qc2+ g6 34. Qc7 Rd7 35. Qc6 Rb8 36. Qe4 Rd5 37. Rc4 b5 38. Rc2 bxa4 39. bxa4 Qd7 40. Ba1 Qxa4 41. Rcd2 Rbd8 42. h4 h5 43. Kh3 Qd7 44. Kg2 a4 45. Rd3 Ra8 46. Ra3 Qd6 47. Rdd3 Kg7 48. Kf3 Qb4 49. Kf2 Be7 50. Kf3 Qb1 51. Kf2 Bxa3 52. Rxa3 Qxe4 0-1

[Event "Sao Paulo Hebraica op 28th"]
[Site "Sao Paulo"]
[Date "2022.01.15"]
[Round "4"]
[White "Faris, Rafael de Araujo"]
[Black "Moritani, Sho"]
[Result "1-0"]
[WhiteElo "1720"]
[BlackElo "1800"]
[PlyCount "49"]
[EventDate "2022.01.14"]
[EventType "swiss"]
[EventRounds "6"]
[EventCountry "BRA"]
[SourceTitle "CBM 206 Extra"]
[Source "ChessBase"]
[SourceDate "2022.03.31"]
[SourceVersion "1"]
[SourceVersionDate "2022.03.31"]
[SourceQuality "1"]

1. e4 c5 2. Nf3 e6 3. c4 Nc6 4. Nc3 Nf6 5. d4 cxd4 6. Nxd4 Bb4 7. Nxc6 bxc6 8. Bg5 e5 9. Qf3 Be7 10. Be2 d6 11. 0-0 0-0 12. Rfd1 Qc7 13. b4 Bg4 14. Qe3 Bxe2 15. Qxe2 d5 16. cxd5 Bxb4 17. Rac1 Qa5 18. Bxf6 gxf6 19. Qg4+ Kh8 20. Qf5 Bxc3 21. Qxf6+ Kg8 22. Rd3 Rfb8 23. Rg3+ Kf8 24. d6 Qd8 25. Qh8# 1-0

[Event "Sao Paulo Hebraica op 28th"]
[Site "Sao Paulo"]
[Date "2022.01.14"]
[Round "1"]
[White "Moritani, Sho"]
[Black "Theodoro, Milson"]
[Result "1-0"]
[WhiteElo "1800"]
[BlackElo "1777"]
[PlyCount "113"]
[EventDate "2022.01.14"]
[EventType "swiss"]
[EventRounds "6"]
[EventCountry "BRA"]
[SourceTitle "CBM 206 Extra"]
[Source "ChessBase"]
[SourceDate "2022.03.31"]
[SourceVersion "1"]
[SourceVersionDate "2022.03.31"]
[SourceQuality "1"]

1. e4 c5 2. Nf3 d6 3. Bb5+ Nd7 4. a4 a6 5. Be2 Ngf6 6. Nc3 e6 7. 0-0 b6 8. Re1 Bb7 9. Bf1 Qc7 10. d4 Be7 11. h3 cxd4 12. Nxd4 0-0 13. f3 Rac8 14. Be3 Rfd8 15. Bd3 Nc5 16. Qe2 d5 17. exd5 Nxd5 18. Nxd5 Rxd5 19. Bc4 Rdd8 20. c3 Kh8 21. Ba2 Bh4 22. Red1 Re8 23. Bb1 Bf6 24. Bc2 e5 25. Nb3 e4 26. Nxc5 bxc5 27. Bxe4 Bxe4 28. fxe4 Rxe4 29. Qf3 Rce8 30. Bf2 h6 31. Rd5 c4 32. Rad1 Qf4 33. Qxf4 Rxf4 34. R1d2 Bg5 35. h4 Bxh4 36. g3 Rg4 37. R5d4 Rxd4 38. Rxd4 Bg5 39. Rxc4 Re2 40. b4 Rb2 41. Rc6 Rb1+ 42. Kg2 Rb2 43. Kf3 Bf6 44. Rxa6 Bxc3 45. b5 g6 46. Be3 Rb3 47. Ke2 Be5 48. Bf4 Bd4 49. Rd6 Bc5 50. Be5+ Kh7 51. Rd5 Bb6 52. Bd4 Ba5 53. Rd7 g5 54. Rxf7+ Kg6 55. Ra7 Bd8 56. g4 Rb4 57. Rg7# 1-0